Представление документа в формате RUSMARC

ПолеНазваниеЗначение
  Тип записи a
  Библиографический уровень a
001 Контрольный номер RU/CBS_UL/BASE/5ddc51ef6a4143bba2d8f7f4977b7dc9
005 Дата корректировки 20250331151317.4
100 Данные общей обработки __
a Данные общей обработки 20250331 ||| 0rusy0189 ca
101 Язык документа 0_
a Язык текста rus
102 Страна публикации __
a Страна публикации RU
200 Заглавие и сведения об ответственности 1_
a Заглавие Четырёхкратная месть княгини Ольги
e Сведения, относящиеся к заглавию [о том, почему предание нарекло княгиню Ольгу хитрой, церковь - святой, а история - мудрой]
f Первые сведения об ответственности С. Экштут
300 Общие примечания __
a Общие примечания 16+
461 Уровень набора _0
1 2000
a Родина
463 Уровень физической единицы _0
1 2000
a № 3
v С. 12-14 : ил.
1 2101
d 2025
1 001RU/CBS_UL/BASE/3e561e033c404f65951e6a517929e14e
600 Персоналии _1
a Персоналии (Фамилия) Ольга, княгиня
606 Тематические рубрики 0_
a Основная рубрика Ольга (княгиня Киевская; ок. 890-969)
610 Ключевые слова 0_
a Ключевые слова история русская
610 Ключевые слова 0_
a Ключевые слова княгини
610 Ключевые слова 0_
a Ключевые слова княгини русские
610 Ключевые слова 0_
a Ключевые слова княгини великие
610 Ключевые слова 0_
a Ключевые слова княгини древнерусские
610 Ключевые слова 0_
a Ключевые слова женщины на троне
686 Индексы других классификаций __
2 Код системы rubbk
a Классификационный индекс 63.3(2)411-8
700 Автор _1
a Фамилия Экштут
b Имя (инициалы) С.
801 Источник записи _0
a Страна RU
b Организация МБУК ЦБС г. Ульяновска
c Дата составления 20250331
g Правила каталогизации RCR
801 Источник записи _1
a Страна RU
b Организация МБУК ЦБС г. Ульяновска
c Дата составления 20250331
g Правила каталогизации RCR
901 Тип документа __
t Тип документа b
w Контрольный № источника RU/CBS_UL/BASE/3e561e033c404f65951e6a517929e14e
909 Создатель записи __
a Создатель записи lib1